Регионална библиотека "Любен Каравелов" - Русе

Славянская историческая баллада (Запис номер 344151)

MARC детайли
000 -Лидер
Контролно поле с фиксирана дължина 01064nam a2200277 c 4500
003 - Код на организацията, давaща контролен номер
Контролно поле BLK
005 - Дата и час на последна редакция
Контролно поле 20221012113323.0
008 - Елементи от данни с фиксирана дължина
fixed length control field 180911b bul|||||r ||||||| ||bul||
010 ## - Наследен системен номер
LC control number 003815
040 ## - Източник на каталожния запис
Идентификатор на билиотеката - собственик на записа BLK
041 ## - Код за език
Код за езика на текст/звукозапис или на отделно заглавие Руски
Код за езика КДБФ Български
080 ## - УДК
УДК - код + определител 881-14
100 1# - Редна дума - Автор
Автор ПУТИЛОВ, Борис
Авторска отговорност първи автор
R(LIN) 399259
245 00 - Сведения за заглавието
Заглавие Славянская историческая баллада
260 ## - Област на издателските данни
Място на издаване, разпространение и проч. Москва
Име на издателя, разпространителя и проч. Наука
Година на издаване 1965
Печатница 1-я тип. изд. Наука
300 ## - Физическа характеристика
Страници 176 с
Размери/Мащаб 20 см
380 ## - Жанр
Жанр Литературознание
490 ## - СЕРИИ (Колекции)
Име на серия Частна колекция - Академик Михаил Арнаудов
Бележки за серията Дарение - Основен фонд
500 ## - Общи забележки
Забележка Автограф с текст: Глубокоуважаемому академику Михаилу Арнаудову - автор ; Подчертавания и коментари по текста;
655 ## - Ключова дума – жанр/разновидност
Данни за жанр/разновидност или ключова дума за фокус литература
700 1# - Други автори (авторска отговорност)
Лично име Б. Н. Путилов
9 (RLIN) 399260
852 ## - Местоположение
Форматна сигнатура МА 2839
Фондова буква Фонд "Михаил Арнаудов"
999 ## - СИСТЕМНИ КОНТРОЛНИ НОМЕРА
Koha biblionumber 344151
Koha biblioitemnumber 344151
942 ## - АРТИКУЛИ
Вид на библиотечния материал Книги
Скрит в OPAC Не
Периодичен библиозапис Да
944 ## - СЪЗДАВАНЕ И РЕДАКЦИЯ на ЗАПИСА
Създаване/Редакция Създаване
Дата на регистрацията/редакция 1994
999 ## - СИСТЕМНИ КОНТРОЛНИ НОМЕРА
Koha biblioitemnumber 344151
999 ## - СИСТЕМНИ КОНТРОЛНИ НОМЕРА
Koha biblioitemnumber 344151
Наличности
Код за отписване Код за изгубен артикул Източник на класификационната схема Код за повреда Коз за рестрикции Код за отдаване Артикулен № Име на библиотеката - собственик Име на библиотеката, в която се намира в момента Статус (Текущо местоположение) Местоположение - отдел Цена в лева Номерация (Хронология) Инвентарен номер Систематично азбучна сигнатура Баркод Номер на екземпляра Цена в евро Служебен тип на артикула
  Не е изгубен Universal Decimal Classification Не е повреден само за читалня Специални фондове ( старопечатни, редки и ценни, фонд М. Арнаудов) 744508 Регионална библиотека "Любен Каравелов" Русе Регионална библиотека "Любен Каравелов" Русе Фонд "Михаил Арнаудов" Фонд "Михаил Арнаудов" 1.00 Автограф: Борис Путилов 590961 МА 2839 120000590961 1 0.51 Книги
Vip Innovations Ltd, Rousse, Bulgaria 2025